Normal view
MARC view
- Sirshar, Mehreen (MSCS-15)
Entry Personal Name
001 - CONTROL NUMBER
- control field: 121334
003 - CONTROL NUMBER IDENTIFIER
- control field: NUST
005 - DATE AND TIME OF LATEST TRANSACTION
- control field: 20240226141312.0
008 - FIXED-LENGTH DATA ELEMENTS
- fixed length control field: 240226|| aca||aabn | a|a d
040 ## - CATALOGING SOURCE
- Original cataloging agency: NUST
- Transcribing agency: NUST
100 ## - HEADING--PERSONAL NAME
- Personal name: Sirshar, Mehreen (MSCS-15)
670 ## - SOURCE DATA FOUND
- Source citation: Work cat.: (NUST): Sirshar, Mehreen (MSCS-15), Head pose estimation through real time head trackig /, 2012
